000 01414nam a22002897a 4500
005 20180608110811.0
008 130821s1934 fr fr 1 fre
040 _aCo-BoUCM
_bspa
_cSandra Yazo
_dSandra Yazo
041 0 0 _afre
082 0 4 _a143
_220
092 _aE46N072
100 1 _aBergson, Henri
_d1859-1941
_992796
242 0 0 _aLas dos fuentes de la Moral y de la Religión
_cpor Enrique Bergson
_yspa
245 0 4 _aLes Deux Sources de la Morale et de la Religion
_cpar Henri Bergson
260 _aParís (Francia)
_bLibrairie Félix Alcan
_c1934
300 _a346 páginas
_c21 x 14 cm.
500 _aDetalles físicos: Encuadernación rígida (holandesa) en cartón duro forrado en papel jaspeado. Lomo de tela texturizada con adornos en dorado. Guardas. Anteportada. Portada impresa en una sola tinta. Texto impreso en una sola columna, con diferentes tipos y tamaños de letra. Márgenes amplios. Notas de pie de página. Índice
505 0 _aLa obligación moral ; La religión estática ; La religión dinámica ; Anotaciones finales sobre mecánica y mística ; Índice
506 _aConsulta en sala
546 _aTexto en francés
650 7 _aFilosofía en la literatura
_915808
650 7 _aLiteratura inglesa
_ySiglo XX
_984414
650 7 _aReligión y moral
_923513
650 7 _aÉtica
_9195
690 _aFilosofía
_975
942 _cLIBRO
_a2
_e17
_2LOCAL
_hE46N072
999 _c310022
_d310022